[Event "Biel Credit Suisse"]
[Site "Biel"]
[Date "1997.07.30"]
[Round "8"]
[White "Milov, Vadim"]
[Black "Pelletier, Yannick"]
[Result "0-1"]
[WhiteElo "2635"]
[BlackElo "2465"]
[Annotator "Ftacnik,L"]
[PlyCount "102"]
[EventDate "1997.07.20"]
[EventType "tourn"]
[EventRounds "10"]
[EventCountry "SUI"]
[EventCategory "17"]
[SourceTitle "CBM 060"]
[Source "ChessBase"]
[SourceDate "1997.09.29"]
[SourceVersion "1"]
[SourceVersionDate "1997.09.29"]
[SourceQuality "1"]

1. b3 b6 2. Bb2 Bb7 3. e3 Nf6 4. Nf3 e6 5. c4 c5 6. Be2 Be7 7. O-O O-O 8. d4
cxd4 9. exd4 (9. Nxd4 d5 10. cxd5 Nxd5 11. Nc3 Nd7 12. Nxd5 Bxd5 13. Rc1 a5 14.
Bf3 Nc5 15. Nc6 Bxc6 16. Bxc6 Rc8 17. Bb5 Bf6 18. Ba3 Qc7 {Larsen,B-Andersson,
U/Niksic 1983/MCD-r8/1-0 (53)}) 9... d5 10. Nbd2 Nc6 (10... Nbd7 11. Ne5 Nxe5
12. dxe5 Ne4 13. Nxe4 dxe4 14. Qc2 Qc7 15. a3 a5 16. f3 Bc5+ 17. Kh1 exf3 18.
Bxf3 Rad8 19. Be4 Bxe4 20. Qxe4 Qe7 21. Rf3 Rd2 22. Bc3 Rf2 23. Rh3 g6 24. b4
axb4 25. axb4 Qa7 26. Qe1 Ra2 27. bxc5 bxc5 28. Rd3 Ra8 29. Rad1 Qb7 30. Qf1
Re8 31. Qf3 Qxf3 32. gxf3 Rc2 33. Bd2 Kg7 34. Bg5 Rxc4 35. Bf6+ Kg8 36. Rd8 Rd4
37. R8xd4 cxd4 38. Rxd4 Rc8 39. Rd8+ Rxd8 40. Bxd8 {Lopatskaya,E-Nesterova,G/
RUS-Cup2 1996/EXP 56/1-0 (52)}) 11. Bd3 (11. Rc1 dxc4 12. bxc4 Qd7 13. Re1 Rfd8
14. Bd3 Rac8 15. Bb1 Qd6 16. a3 Qf4 17. h3 Bd6 18. Ne4 Na5 19. d5 Nxc4 20. Bxf6
gxf6 {Kacheishvili,G-Ramesh,R/WchJM-U18 Bratislava 1993/TD 93\05/0-1 (60)})
11... Nb4 12. Bb1 Rc8 13. Ne5 dxc4 14. bxc4 Nc6 15. Nef3 Qc7 16. Bd3 Nb4 17.
Be2 Rfd8 18. Qb3 Nc6 19. Rac1 Qf4 20. Rfd1 h6 21. h3 Ne4 22. Nxe4 Na5 23. Qb5
Qxe4 24. Bf1 Bf6 25. Bc3 Qc6 26. Qxc6 Bxc6 27. c5 Bxf3 28. gxf3 Nc6 29. cxb6
axb6 30. d5 Bxc3 31. Rxc3 Ne7 32. d6 Rxd6 33. Rxd6 Rxc3 34. Rxb6 g5 35. a4 Ra3
36. Ra6 Ra1 37. Kg2 Ng6 38. Bb5 Nh4+ 39. Kh2 Nxf3+ 40. Kg2 Nh4+ 41. Kh2 e5 42.
Bc6 (42. a5 e4 43. Be2 Ra2 44. Bh5 e3 45. Rf6 e2 $19) 42... f5 43. f3 (43. a5
e4 44. f4 gxf4 $19) 43... Ra3 44. Ra7 (44. Kg3 e4 $19) 44... Nxf3+ 45. Kg2 (45.
Bxf3 Rxf3 46. a5 Ra3 47. a6 e4 48. Kg2 f4 $19) 45... Nd4 46. Bd5+ Kh8 47. a5 (
47. Ra8+ Kg7 48. Ra7+ Kf6 49. Ra6+ Ke7 50. Rxh6 Rxa4 $19) 47... e4 48. a6 e3
49. Bc4 (49. Ra8+ Kh7 50. a7 e2 51. Re8 Rxa7 52. Bc4 Ra1 $19) 49... f4 50. h4
f3+ 51. Kh3 e2 0-1

[Event "Interzonal-16"]
[Site "Biel"]
[Date "1993.??.??"]
[Round "2"]
[White "Ftacnik, Lubomir"]
[Black "Yudasin, Leonid"]
[Result "1/2-1/2"]
[WhiteElo "2535"]
[BlackElo "2605"]
[Annotator "Ftacnik,L"]
[PlyCount "53"]
[EventDate "1993.07.16"]
[EventType "swiss"]
[EventRounds "13"]
[EventCountry "SUI"]
[SourceTitle "CBM 037"]
[Source "ChessBase"]
[SourceDate "1993.12.01"]
[SourceVersion "1"]
[SourceVersionDate "1993.12.01"]
[SourceQuality "1"]

1. Nf3 Nf6 2. c4 e6 3. Nc3 b6 4. g3 Bb7 5. Bg2 c5 6. O-O d5 7. cxd5 (7. d4 dxc4
$10) (7. e3 dxc4 $5) 7... Nxd5 8. Re1 (8. d4 $5 Nxc3 $5 (8... Nc6 9. Nxd5 Qxd5
$6 10. Ne5 $16) (8... cxd4 9. Qxd4 {/\} Nc6 10. Qa4) (8... Be7 $5) (8... Nd7 $5
) 9. bxc3 Be7) 8... Be7 9. e4 Nxc3 10. bxc3 O-O 11. d4 {/\ d5} cxd4 (11... Bf6
$5 12. Ba3 $5 (12. Bb2 Nc6 13. Rb1 Na5 $1)) 12. cxd4 Nc6 13. Bb2 (13. d5 $6
exd5 14. exd5 Nb4 15. Ba3 Bc5 $15) (13. Be3 Na5 14. Ne5 Rc8 $132) 13... Bf6 14.
Rb1 Rc8 $5 {N} (14... Re8 {- 32/53}) (14... Na5 $5 15. h4 $5 {/\ e5|^>>} (15.
Ne5 Bxe5 $132 {ץb2}) (15. Qe2 $5)) 15. d5 exd5 16. exd5 Na5 17. Bxf6 (17. Ne5
Re8 {/\ 18...Nc4, 18...Rc5 ץb2} (17... Qd6 $5) (17... Nc4 $5)) 17... Qxf6 18.
Ne5 Rfd8 $5 (18... Rfe8 19. f4 {/\ Rb4-d4+/=|^[+]}) 19. Rb4 $1 {/\ ->>>} Qd6 $8
20. Rh4 {/\ Qh5 ><f7, h7} h6 (20... Rc7 $5 {/\ h6}) 21. Qh5 $6 (21. Rf4 $1 Rc7
22. Ng4 $5 {/\ Ne3-f5|^} (22. Qf3 Re8 $1)) 21... Rc7 22. Ng4 (22. Rf4 Re8 $1) (
22. Rg4 Re7) 22... Nc4 $1 $8 23. Nxh6+ $6 (23. Ne3 Nxe3 24. fxe3 (24. Rxe3 $2
Rc1+) 24... Rc2 $15 {<->a2-h2} (24... Re8 $5 {/\ Rc2})) (23. Qf5 $142 $1 Bc8
24. Qf3 $10) 23... Qxh6 $2 (23... gxh6 $1 24. Rg4+ Kf8 $8 25. Qf5 Re8 $1 $8 (
25... Bc8 $2 26. Qh7 $1 $18) 26. Rxe8+ (26. Rg8+ Kxg8 27. Rxe8+ Kg7 28. Qg4+ (
28. Be4 Qg6 $8 29. Qf4 Qg5 $3 30. Qxc7 Qc1+ 31. Kg2 Ne3+ $19) 28... Qg6 29. Qf4
(29. Qd4+ f6) 29... Nd6 30. Be4 (30. Qe5+ f6 31. Re7+ Kf8 $19) 30... Nxe4 31.
Qxc7 Bxd5 {/\ Nf6-+}) 26... Kxe8 27. Rg8+ Ke7 28. Qe4+ Qe5 $8 29. Qh4+ Kd6 $17)
24. Qe2 {/\ 25.Qe8, 25.Rh6, 25.Rc4} Qd6 $8 25. Qh5 (25. Rxc4 Ba6) (25. Qc2 Qg6
(25... g6 26. Rxc4 Rxc4 27. Qxc4 Bxd5 28. Bxd5 Qxd5 29. Re8+ Kg7 30. Qc3+ Qd4
$10) 26. Be4 $8 Qd6 27. Bh7+ Kf8 28. Bd3 Ne5 $1 29. Qe2 f6 $1 $17 {/\ Qd5} (
29... Kg8 30. Bh7+ (30. Qxe5 Qxe5 {/\ Rc1, Bd5}) 30... Kf8 $10)) 25... Qh6 $8
26. Qe2 Qd6 27. Qh5 1/2-1/2

[Event "Olympiad-29"]
[Site "Novi Sad"]
[Date "1990.11.24"]
[Round "7"]
[White "Ljubojevic, Ljubomir"]
[Black "Ftacnik, Lubomir"]
[Result "1/2-1/2"]
[WhiteElo "2600"]
[BlackElo "2550"]
[Annotator "Ftacnik,L"]
[PlyCount "124"]
[EventDate "1990.11.17"]
[EventType "team-swiss"]
[EventRounds "14"]
[EventCountry "YUG"]
[SourceTitle "TD"]
[Source "ChessBase"]
[SourceDate "1994.03.01"]
[SourceVersion "1"]
[SourceVersionDate "1994.03.01"]
[SourceQuality "1"]
[WhiteTeam "Yugoslavia"]
[BlackTeam "Czechoslovakia"]
[WhiteTeamCountry "YUG"]
[BlackTeamCountry "CSR"]

1. c4 Nf6 2. Nc3 c5 3. g3 e6 4. Nf3 b6 5. Bg2 Bb7 6. O-O Be7 7. d4 cxd4 8. Qxd4
d6 9. b3 Nbd7 10. Rd1 a6 11. Ba3 Nc5 12. Bb2 O-O 13. b4 Ncd7 (13... Nce4 14.
Nxe4 (14. Na4 b5 15. Nb6 $2 e5 16. Qe3 Ng4 $19) 14... Bxe4 15. Rac1) 14. e4 Qc7
15. Nd2 Rac8 16. Rac1 Rfe8 (16... Ne5 17. Na4) 17. h3 Bf8 18. Ne2 Qb8 19. a3 (
19. Qe3 Ba8 {P b5}) 19... Bc6 20. Qe3 Ba8 (20... b5 21. Nd4 Ba8 22. cxb5 axb5
23. Bf1) 21. Bd4 (21. Nd4 d5 $1 $132) 21... e5 (21... b5 22. e5 (22. Ba7 Qb7
23. e5 $4 Qxg2#) 22... Bxg2 (22... dxe5 23. Ba7 Qd6 $13) 23. exf6 Bxh3 24. fxg7
Be7 $13 (24... Bxg7 25. Bxg7 Kxg7 26. Ne4)) 22. Ba1 (22. Bb2 $6 b5 23. cxb5
axb5 24. Nc3 Nb6 $22 25. Nxb5 Na4) 22... b5 23. cxb5 axb5 24. Nc3 Nb6 $5 25.
Nxb5 (25. Qd3 Nc4 26. Nxb5 $2 Nxd2 27. Rxc8 Rxc8 28. Rxd2 Rc1+ $19) 25... d5 $1
26. exd5 (26. Rxc8 Nxc8 27. Qe2 d4 $44) 26... Nbxd5 27. Qe2 Bc6 $1 (27... e4 $6
28. Nf1 $1 e3 29. fxe3) 28. Bf1 (28. Nc3 Nxc3 29. Rxc3 Bxg2 30. Kxg2 Rxc3 31.
Bxc3 Qa8+ 32. Kg1 Qxa3 $10) (28. Rxc6 $5 Rxc6 29. Ne4 Rb6 $146) 28... e4 29.
Nd4 Ba4 30. Rxc8 (30. N2b3 e3 31. f4 Ne4 $40) 30... Qxc8 (30... Rxc8 31. Re1 e3
32. Nc4 exf2+ 33. Qxf2 $16) 31. Re1 e3 (31... Bd7 32. Qc4 Bxh3 33. Qxc8 Bxc8
34. Nc4 $14) 32. Nc4 Bd7 $5 (32... exf2+ 33. Qxf2 Ne4 34. Qg2) (32... Ne4 33.
Nxe3 Nxg3 34. Qg4 $1 Nxe3 35. Qxc8 Rxc8 36. fxg3 Nxf1 37. Kxf1 $14) 33. Nxe3 (
33. Kh2 exf2 (33... Ne4 34. Qf3 $1) 34. Qxf2 Ne4 35. Qg2 f5 $36) 33... Nxe3 34.
fxe3 Bxh3 35. Bxh3 Qxh3 36. Qg2 Qh5 37. Qh1 (37. Qf3 $5 Ng4 38. Re2 g6 (38...
Rxe3 39. Rxe3 Qh2+ 40. Kf1 Qh3+ 41. Ke2 Qh2+ 42. Kd3 $18) 39. Nc2 Bd6 $14)
37... Qg6 38. Qf3 Ne4 39. Kg2 (39. Nf5 Ng5 40. Qf1 Qh5 $40) 39... Rc8 40. g4 (
40. Re2 $2 Rc1 41. Bb2 Nxg3 $1) (40. Bb2 Nd2 $22 41. Qf5 Qxf5 42. Nxf5 Rc2)
40... Nd2 (40... h5 41. Qf5 Qxg4+ 42. Qxg4 hxg4 43. Bb2 $14) 41. Qf5 Qxf5 (
41... Qa6 42. Nf3 $1 {(Ljubojevic)} (42. b5 Qb7+ 43. Nc6 Rxc6 44. bxc6 Qxc6+
45. e4 Bxa3 46. Qd5 $14) 42... Nxf3 43. Kxf3 Rd8 44. Rh1 Qa8+ 45. Qe4 $16) 42.
Nxf5 (42. gxf5 Nc4 43. e4 (43. Nc2 Nxa3 $1 44. Nxa3 Bxb4) 43... Nxa3 44. e5
Bxb4 $10) 42... Ra8 $1 (42... Nc4 $2 43. Bxg7 $1 Nxa3 44. Bxf8 Kxf8 45. Ra1 $18
) (42... g6 43. Ng3 Nc4 44. Ne4 Be7 (44... Nxa3 45. Nf6+ Kh8 46. Rh1 $18) 45.
Nf6+ Bxf6 46. Bxf6 Nxa3 47. Be7 $16) 43. Re2 (43. Bb2 Nc4 44. Bc1 Nxa3 $10) (
43. b5 g6 44. Ng3 (44. b6 Rb8 $1 (44... gxf5 $2 45. Be5)) 44... Rxa3 45. Bd4
Rb3 46. b6 Nc4 47. Ne4 f5 $1 48. Nf6+ Kf7 49. Nd7 Bg7 $10) 43... Nc4 44. Rc2 (
44. b5 g6 45. Ng3 Rxa3 46. Bd4 Rb3 47. Rc2 Nxe3+ 48. Bxe3 Rxe3 49. Rb2 Bd6 $10)
44... Nxa3 45. Ra2 Bxb4 (45... g6 46. Nd4 Bxb4 47. Nc2 Bc5 48. Bb2) 46. Bxg7
Rc8 (46... h5 $5 47. Ra1 Ra5 48. Bf6 Kh7 $1) 47. Kf3 Rc2 (47... h5 $2 48. Rh2
hxg4+ 49. Kg3 $1 $18) 48. Ra1 Bc3 $1 49. Bxc3 (49. Rxa3 Bxg7 50. Ra8+ Bf8 51.
g5 Rc7 52. Kf4 Rb7 $10) 49... Rxc3 50. Rd1 f6 51. Rd8+ Kf7 52. Rd7+ Kf8 53.
Rxh7 (53. Nd6 Nc4 $10) 53... Nc4 54. Ke4 (54. Kf4 Rc1 55. Nh6 Nd6 56. Rd7 Rf1+
57. Kg3 Ne4+ $10) 54... Nd2+ 55. Kd5 (55. Kf4 Rc1 $1) (55. Kd4 Ra3 56. Rb7 Nf3+
57. Kd5 Ng5 $10) 55... Nf3 $1 56. Ra7 Ng5 57. Ra4 Rd3+ 58. Rd4 Ra3 59. Kc6 Ra6+
60. Kb7 Ra5 61. Kb6 Ra3 62. Kc6 Ra6+ 1/2-1/2

[Event "La Roche sur Yon"]
[Site "La Roche sur Yon"]
[Date "2006.03.24"]
[Round "9"]
[White "Werle, Jan"]
[Black "Sasikiran, Krishnan"]
[Result "1-0"]
[WhiteElo "2514"]
[BlackElo "2670"]
[Annotator "Ftacnik,L"]
[PlyCount "107"]
[EventDate "2006.03.15"]
[EventType "tourn"]
[EventRounds "9"]
[EventCountry "FRA"]
[EventCategory "12"]
[SourceTitle "CBM 112"]
[Source "ChessBase"]
[SourceDate "2006.06.07"]
[SourceVersion "1"]
[SourceVersionDate "2006.06.07"]
[SourceQuality "1"]

1. Nf3 Nf6 2. c4 b6 3. g3 c5 4. Bg2 Bb7 5. O-O g6 6. Nc3 Bg7 7. d4 cxd4 8. Qxd4
d6 9. Rd1 Nbd7 10. Be3 Rc8 11. Rac1 O-O 12. Qh4 a6 13. b3 Rc7 14. Bh3 $1 {
This move is very popular in the system with double finachetto. White´s
pressure along the diagonal c8-h3 is surprizingly unpleasant.} Qb8 (14... Qa8
15. Bxd7 Rxd7 16. Na4 Qb8 17. Nxb6 Rc7 18. Na4 {1-0 Stohl,I (2561)-Navara,D 
(2616)/Czechia 2005/ (62)}) 15. Bh6 Bxh6 (15... Bxf3 16. Bxg7 Kxg7 17. exf3 Ne5
18. Bg2 b5 19. cxb5 axb5 20. Qb4 Rfc8 21. f4 Ned7 22. Ne2 {1-0 Topalov,V (2690)
-Psakhis,L (2581)/Las Vegas 1999/ (41)}) 16. Qxh6 Bxf3 17. exf3 b5 18. Bxd7
Rxd7 19. Rd4 b4 {The first independent move is forcing white to clarify the
future of the c3 knight, but the pawn b4 will remain exposed forever.} (19...
e6 20. Rf4 Nh5 21. Rh4 d5 22. cxd5 exd5 23. Ne2 Rc8 24. Rd1 Qe5 25. Nd4 Rdc7
26. Kg2 Rc3 27. Qd2 {1-0 Topalov,V (2757)-Van Wely,L (2679)/Monte Carlo 2005/ 
(53)}) 20. Nd5 Nxd5 (20... Nh5 21. Rh4 f5 (21... e6 22. Nf4 (22. Rxh5 f5 23.
Rh4 exd5 24. cxd5 $16) 22... Qd8 23. Nxh5 gxh5 24. Re1 $18) 22. Nf4 Qe8 23. Ne6
Rf7 24. Qd2 $16) 21. cxd5 e5 (21... f5 22. Rh4 e6 (22... Rf7 23. Rxb4 $1 $18)
23. dxe6 Re7 24. Qd2 $16) 22. dxe6 (22. Rh4 f5 23. Rc6 a5 24. Rhc4 $14) 22...
fxe6 23. Qd2 a5 24. Rc6 $1 {The key to white´s success. The pressure of heavy
pieces against the weaknesses on d6 and e6 will be untenable in the long term.}
(24. f4 $6 d5 $11) 24... Rfd8 (24... Rdf7 25. Rd3 Qb7 26. Rcxd6 Rxf3 27. Rxf3
Qxf3 28. Rxe6 $16) 25. f4 Kf7 (25... Qb7 26. Rcxd6 Rxd6 27. Rxd6 Rxd6 28. Qxd6
$16) 26. Ra6 $1 {The big crises is born, Sasirkiran has to part with one of
the pawns.} Qb5 (26... Qc7 27. Rc4 Qb7 28. Rxa5 $18) 27. Raxd6 Rxd6 28. Rxd6
Rxd6 29. Qxd6 h5 (29... Qe2 30. Qc7+ Kf6 31. Qxa5 Qe1+ 32. Kg2 Qe4+ 33. Kh3 $18
) 30. Qe5 $1 {Werle has just a one extra pawn and it is doubled on the f file.
On the other hand the defender has to tend to all weak panws and can not even
dream about swapping of the queen.} (30. h3 Qf5 31. Kh2 Qc2 32. Qd7+ Kf6 $14)
30... Qb6 (30... Qd3 31. Qc7+ Kf6 32. Qxa5 Qb1+ 33. Kg2 Qe4+ 34. Kh3 $18) 31.
Qe3 Qc7 32. h3 h4 33. g4 $1 (33. gxh4 Qd8 34. Qa7+ Kg8 35. Qa6 Kf7 $14) 33...
Qc3 (33... Qc2 34. Qd4 Qxa2 35. Qd7+ Kf8 36. Qxe6 Qc2 37. f5 gxf5 38. gxf5 a4
39. Qf6+ Ke8 40. bxa4 $16) 34. Qa7+ Kf8 (34... Kf6 35. g5+ Kf5 36. Qf7+ Ke4 37.
Qxe6+ Kxf4 38. Qxg6 $18) 35. Qa8+ Kf7 36. Qb7+ Kf8 37. Qe4 {White has won a
tempo, since both e6 and g6 pawns are needing protection.} Kf7 (37... Qa1+ 38.
Kg2 Qxa2 39. Qxe6 Qc2 40. f5 $16) (37... Qxh3 38. Qxg6 $16) 38. Kg2 Qc5 (38...
Qd2 39. Qb7+ Kf8 40. Qb8+ Kf7 41. Qc7+ Kf8 42. Qxa5 Qxf4 43. Qd8+ Kf7 44. Qxh4
$18) 39. Qb7+ Kf8 40. Qa8+ Kf7 41. Qb7+ Kf8 42. Qd7 e5 {The chances for the
successful defense have seriously diminished, since black is unable to use the
king any more.} (42... Qb6 43. g5 Kg8 44. Kf3 $16) 43. f5 (43. Qe6 exf4 44.
Qf6+ Ke8 45. Qxg6+ Kf8 46. Qf6+ Ke8 47. Qxf4 $18) 43... gxf5 (43... g5 44. f6
$18) 44. Qxf5+ Ke7 (44... Kg7 45. Qg5+ Kf8 46. Qxh4 $18) 45. g5 $1 {Finally
white has a passed pawn and a great ambition to use it´s potential.} Qd5+ 46.
Kh2 Qd6 (46... Qe6 47. Qxe6+ (47. Qh7+ Kf8 48. Qxh4 $16) 47... Kxe6 48. Kg2 e4
(48... Kf5 49. Kf3 Kxg5 50. Ke4 Kf6 51. f4 exf4 52. Kxf4 $18) 49. f3 exf3+ 50.
Kxf3 Kf5 51. g6 Kxg6 52. Kg4 $18) 47. Qh7+ Ke8 (47... Ke6 48. Qh6+ Kd7 49.
Qxd6+ Kxd6 50. Kg2) 48. Qxh4 {Finally another black weakness has fallen, the
game is decided.} (48. Qh6 Qd2 49. Qf6 Qxa2 50. g6 Qxb3 51. Qh8+ Ke7 52. Qxh4+
Kf8 53. Qh6+ Ke7 54. Qg7+ $18) 48... Qd2 49. Qh8+ Kd7 50. Qg7+ Kc6 51. Qf6+ Kb7
52. g6 Qxa2 53. Qf7+ Ka6 54. g7 1-0

[Event "Reykjavik Olafsson"]
[Site "Reykjavik"]
[Date "1995.??.??"]
[Round "8"]
[White "Arnason, Jon Loftur"]
[Black "Larsen, Bent"]
[Result "1-0"]
[WhiteElo "2545"]
[BlackElo "2515"]
[Annotator "Ftacnik,L"]
[PlyCount "49"]
[EventDate "1995.09.??"]
[EventType "tourn"]
[EventRounds "11"]
[EventCountry "ISL"]
[EventCategory "11"]
[SourceTitle "CBM 049"]
[Source "ChessBase"]
[SourceDate "1995.12.01"]
[SourceVersion "1"]
[SourceVersionDate "1995.12.01"]
[SourceQuality "1"]

1. e4 c5 2. Nf3 g6 3. c4 Qa5 4. Nc3 d6 (4... Bg7 5. d4 d6 6. d5 Bxc3+ 7. bxc3
Nf6 8. Nd2 Qxc3 9. Rb1 Nxe4 10. Rb3 Qd4 11. Nxe4 Qxe4+ 12. Re3 Qg4 13. Qb3 f6
14. h4 Kf7 15. h5 g5 16. h6 {1-0 Uhlmann,W-Hoelzl,F/Graz (04) 1991 (33)}) 5. d4
Bg4 6. dxc5 dxc5 (6... Qxc5 7. Qb3 (7. h3 Bxf3 8. Qxf3 Nc6) 7... Nc6 8. Nd5 Nd8
9. Qc3 $14) 7. Qd5 Nc6 (7... Qb6 8. Qe5 (8. Ng5 e6 9. Qe5 f6 10. Qg3 Bh5 11.
Nh3 Nc6 $13) 8... f6 9. Qg3 $14) 8. Ne5 $5 Nxe5 (8... Be6 9. Nxc6 Qxc3+ 10.
bxc3 Bxd5 11. cxd5 bxc6 12. dxc6 $18) 9. Qxe5 f6 (9... Nf6 10. Bd2 Qb6 11. f3
$16) 10. Qg3 Bd7 (10... Be6 11. Bd2) 11. Bd2 Bh6 12. f4 (12. Bxh6 $6 Nxh6 13.
O-O-O Rd8 $13) 12... e6 13. O-O-O O-O-O 14. Qf2 Qc7 (14... Bc6 15. g3 f5 16.
Bg2 Rd4 17. b3 $13) 15. g3 Ne7 16. Be3 g5 $2 (16... b6 17. Bg2 Bc6 $10) 17.
Bxc5 gxf4 18. Kb1 (18. gxf4 Qxf4+ 19. Kb1 Qxf2 20. Bxf2 b6 $10) 18... Bc6 19.
Bh3 $1 f5 20. Bxa7 Qe5 (20... fxg3 21. hxg3 $16) 21. Qc5 Bg7 $6 (21... Qxc5 22.
Bxc5 Ng6 23. Rhf1 fxe4 24. Bd6 Rhe8 25. gxf4 $16) 22. Qxe7 Bxe4+ 23. Ka1 (23.
Nxe4 $4 Qxb2#) 23... Bxh1 (23... Bf6 24. gxf4 $1 Bxe7 25. fxe5 Bxh1 26. Rxh1
$18) (23... Qxc3 $2 24. Qxe6+ Kc7 25. Qb6+ Kc8 26. Bxf5+ $1 Bxf5 27. Qc5#) 24.
Rxh1 fxg3 (24... f3 25. Na4 Rd6 26. c5 Ra6 27. Rd1 Rxa7 28. Nb6+ Kb8 29. Rd8+)
25. Na4 $1 1-0

[Event "EU-ch 13th"]
[Site "Plovdiv"]
[Date "2012.03.27"]
[Round "7"]
[White "Mamedyarov, Shakhriyar"]
[Black "Grigorov, Grigor"]
[Result "1-0"]
[WhiteElo "2752"]
[BlackElo "2489"]
[Annotator "Ftacnik,L"]
[PlyCount "63"]
[EventDate "2012.03.20"]
[EventType "swiss"]
[EventRounds "11"]
[EventCountry "BUL"]
[SourceTitle "CBM 148"]
[Source "ChessBase"]
[SourceDate "2012.05.16"]
[SourceVersion "1"]
[SourceVersionDate "2012.05.16"]
[SourceQuality "1"]

1. Nf3 Nf6 2. c4 e6 3. Nc3 c5 4. g3 b6 5. Bg2 Bb7 6. O-O Be7 7. d4 cxd4 8. Qxd4
d6 9. Rd1 a6 10. b3 Nbd7 11. h3 O-O 12. g4 $146 {The Hedgehog is an opening
system which strives for flexibility. Despite that the first umpteen moves are
usually well known so a novelty at this early stage is bound to attract some
attention. Mamedyarov hopes to irritate the knight on f6 at a suitable moment.}
(12. e4 Qc8 13. Bb2 Rd8 14. Rac1 Qc7 15. Nh2 Bf8 16. Nf1 Rac8 17. Qe3 Qb8 18.
g4 h6 19. g5 hxg5 20. Qxg5 Rc5 21. Qe3 {0-1 (65) Gemy Vargas,J (2215)-Picard,R
(2363) La Roda 2010}) 12... Nc5 {Facing the unexpected idea Black has to fall
back on his general understanding of the position. A much different approach
would have been the voluntary weakening of the kingside with 12...h6.} 13. g5
Ne8 {Fearing surprises Black prefers to play passively and not to risk
surprises in the forced line after the knight centralisation.} (13... Nfe4 14.
Nxe4 Nxe4 15. Bb2 f6 16. Nd2 (16. Qe3 f5 $11) 16... e5 17. Qe3 f5 18. Nxe4 fxe4
19. Bxe5 Rf5 20. Bg3 Bxg5 21. f4 exf3 22. Qe6+ Rf7 23. exf3 $11) 14. h4 (14.
Qg4 Qc7 15. Nd4 Rc8 16. h4 $14) 14... f5 {Grigorov rightly fears that he will
not be able to live with the passive knight on e8 for a long time.} (14... Qc8
15. Qe3 f5 16. Bb2 $14) 15. Qe3 {White rightly senses a new object of attack
in the changing nature of the black pawn structure. The obvious target is the
pawn on e6.} (15. Bb2 e5 16. Qe3 f4 17. Qd2 Nc7 18. b4 N5e6 19. Nd5 $14) 15...
f4 16. Qd2 Nc7 17. Bb2 Qe8 {The defender is unable to prevent blows against
his pawn structure and thus rightly concentrates on improving his pieces.} (
17... a5 18. Qc2 Qe8 19. a3 Qh5 20. b4 Nd7 21. Ne4 $14) 18. b4 Nd7 19. Na4 (19.
Qd4 Qf7 20. Ne4 Ne8 21. Rac1 $14) 19... e5 $2 {With hindsight this unfortunate
move just creates a perfect target for White's active central forces.} (19...
Qf7 20. c5 Nd5 21. Nxb6 N7xb6 22. cxb6 Nxb6 23. Rac1 Bd5 $14) 20. c5 $1 {
[%mdl 32] Nimzowitsch would have been happy as Mamedyarov manages to deliver a
blow on the spot where it really hurts.} bxc5 21. bxc5 d5 (21... Nxc5 22. Nxc5
dxc5 23. Bxe5 Ne6 24. Qd7 $16) 22. Nxe5 $6 {White is not the first player to
complicate his task in an excellent position. It seems to be much stronger to
engage the last reserve with 22.Rac1!} (22. Rac1 $1 Bc6 (22... d4 23. c6 Bxc6
24. Rxc6 Nb5 25. Rdc1 $18) 23. Nb6 Rd8 24. Nxd7 Bxd7 25. Bxe5 $18) 22... Nxe5 (
22... Nxc5 $1 23. Nxc5 Bxc5 24. Rac1 Qe7 25. Qc3 Bd6 26. g6 $16) 23. Bxe5 Qxa4
24. Bxc7 f3 {Desperation in the face of a very grim position. Despite the
inaccuracy White's prospects are extremely promising.} (24... Rac8 25. Bxd5+
Bxd5 26. Qxd5+ Kh8 27. Bd6 $16) 25. Bxf3 Bxc5 (25... Rxf3 26. exf3 Qxh4 27.
Rab1 Bc6 28. Qe3 $18) 26. Rac1 $1 (26. Bxd5+ $2 Kh8 27. Bxb7 Qg4+ $19) 26...
Ba7 (26... Ba3 27. Bxd5+ Bxd5 28. Qxd5+ Kh8 29. Rc4 $18) 27. Bg3 {The player
from Azerbaijan also fortunately knows how to excercise restrain in very good
positions. It was possible to try for more with 27.Rb1, but the risk would
have been much bigger.} (27. Rb1 Qxh4 28. Rxb7 Qxf2+ 29. Kh1 Qh4+ 30. Kg2 Qf2+
31. Kh3 Rxf3+ 32. exf3 Qxf3+ 33. Bg3 $18) 27... Rf7 (27... Rad8 28. Rc7 Qb5 29.
Qe1 $18) 28. Bxd5 Bxf2+ {Black is not really going down in flames. His blow on
the f2-square is more an act of defiance in the face of a lost fight.} (28...
Bxd5 29. Qxd5 Raf8 30. Rc7 Bxf2+ 31. Bxf2 Qf4 32. Rxf7 Rxf7 33. Qd4 $18) 29.
Bxf2 Qg4+ 30. Kh2 Kh8 31. Bg3 (31. Qe3 Bxd5 32. Rxd5 $18) 31... Re8 32. Re1 {
The final move is a bit of a grovelling affair, but it managed to convince the
opponent to stop the clock.} (32. Re1 Bxd5 (32... Rd8 33. Rc4 Qxc4 34. Bxc4
Rxd2 35. Bxf7 $18) 33. Qxd5 Rxe2+ 34. Rxe2 Qxe2+ 35. Kh3 $18) (32. e4 Bxd5 33.
Qxd5 Rf3 34. Qe5 $18) 1-0

[Event "Munich SKA"]
[Site "Munich"]
[Date "1993.??.??"]
[Round "10"]
[White "Huebner, Robert"]
[Black "Hjartarson, Johann"]
[Result "1-0"]
[WhiteElo "2620"]
[BlackElo "2625"]
[Annotator "Ftacnik,L"]
[PlyCount "71"]
[EventDate "1993.05.??"]
[EventType "tourn"]
[EventRounds "11"]
[EventCountry "GER"]
[EventCategory "16"]
[SourceTitle "CBM 036"]
[Source "ChessBase"]
[SourceDate "1993.10.01"]
[SourceVersion "1"]
[SourceVersionDate "1993.10.01"]
[SourceQuality "1"]

1. d4 Nf6 2. Nf3 e6 3. g3 b6 4. Bg2 Bb7 5. O-O c5 6. dxc5 Bxc5 7. c4 Be7 (7...
O-O 8. Nc3 d5 9. Ne1 $14) 8. Nc3 d6 9. Bf4 O-O 10. Nb5 Ne8 11. Qc2 Nc6 12. Rfd1
a6 13. Nc3 Rc8 14. Qd2 Nb8 15. b3 Nd7 16. Rac1 h6 17. Ne1 $1 Bxg2 18. Kxg2 Qc7
19. f3 Qb7 20. Ne4 Nc5 21. Nxc5 Rxc5 22. Nd3 Rc8 23. Nf2 Rd8 24. Ne4 f5 $6 (
24... d5 25. cxd5 Rxd5 26. Qb2 $14) 25. Nc3 Nf6 26. Qd3 Ng4 $2 (26... g5 27.
Be3 Ng4 28. Bd4 e5 29. Bg1 $16) 27. e4 fxe4 28. Nxe4 $1 g5 29. h3 $1 (29. Bxd6
$2 Bxd6 30. Nxd6 Rxd6 $1 31. Qxd6 Qxf3+ 32. Kg1 Qf2+ 33. Kh1 Qxh2#) 29... gxf4
30. hxg4 fxg3 31. Rh1 d5 32. Nxg3 Bf6 (32... Bg5 33. Qg6+ Qg7 34. Qxe6+ Kh8 35.
Rce1 $18 (35. Nf5 Qb2+ 36. Kg3 Rf6)) 33. Rxh6 dxc4 34. Qg6+ Bg7 (34... Qg7 35.
Ne4 Be5 36. Qxe6+ $18) 35. Ne4 Rf4 36. Rch1 1-0